[Event "45th FIDE Chess Olympiad - Women's Sect"]
[Site "Budapest, Hungary"]
[Date "2024.09.12"]
[Round "2.157"]
[White "Antonova, Nadezhda"]
[Black "Cvitan, Ena"]
[Result "1/2-1/2"]
[WhiteElo "1967"]
[BlackElo "2259"]
[PlyCount "135"]
[EventDate "2024.??.??"]
[WhiteTeam "Tajikistan"]
[BlackTeam "Croatia"]
[WhiteTeamCountry "TJK"]
[BlackTeamCountry "CRO"]
[WhiteClock "0:02:34"]
[BlackClock "0:09:29"]

1. Nf3 d5 2. e3 Bg4 3. c4 c6 4. cxd5 Bxf3 5. Qxf3 cxd5 6. Nc3 Nf6 7. d4 Nc6 8. Bd3 ({RR} 8. Bd2 e6 9. Bd3 Be7 10. O-O O-O 11. Rac1 Rc8 12. Qh3 g6 13. Rfd1 Re8 14. Be1 Bf8 15. Bb1 Bg7 16. f3 Nd7 17. Bf2 Nb6 18. b3 Qe7 19. g4 Red8 20. Qg2 e5 21. dxe5 Bxe5 22. Ne2 Bg7 {Materia,M (2430)-Kiremitciyan,A (2281) chess.com INT 2024 1-0 (44)}) 8... a6 $146 ({RR} 8... e6 9. O-O Be7 10. Rd1 O-O 11. Bd2 Rc8 12. Be1 Bd6 13. Rac1 Qe7 14. g3 a6 15. Bf1 Rc7 16. Qe2 Rfc8 17. Rb1 Nb8 18. f3 Nbd7 19. Bh3 b5 20. e4 dxe4 21. fxe4 e5 22. dxe5 Bxe5 23. Nd5 {Polugaevsky,L-Hort,V Petropolis 1973 ½-½}) ({RR} 8... e6 9. O-O Bd6 10. Bd2 O-O 11. Qh3 g6 12. Rac1 Rc8 13. Qf3 a6 14. Rfd1 Bb8 15. g3 Re8 16. Be1 Kg7 17. Na4 Nd7 18. Qe2 Bd6 19. a3 Qe7 20. b4 h5 21. Nc5 Nf6 22. Nxb7 Qxb7 23. Bxa6 {Grandelius,N (2660)-Postny,E (2556) chess.com INT 2023 0-1 (52)}) ({RR} 8... e6 9. g4 Be7 10. g5 Nd7 11. h4 O-O 12. Qh5 g6 13. Qg4 Bb4 14. h5 Qe7 15. f4 Kg7 16. Bd2 Nb6 17. Rh2 Nc4 18. Bxc4 dxc4 19. a3 Bxc3 20. Bxc3 Kg8 21. Ke2 e5 22. fxe5 Qe6 23. Qf3 {Rodriguez Rubio,A (1794)-Quevedo Perales,A (1569) Lima PER 2023 1-0 (42)}) ({RR} 8... e6 9. O-O Be7 10. Qe2 O-O 11. Bd2 Nb4 12. Bb1 Qd7 13. a3 Nc6 14. b4 Rfc8 15. Bd3 Bf8 16. Rfc1 Ne7 17. Qd1 Nf5 18. Na4 Nd6 19. Nc5 Qe8 20. Qb3 a6 21. a4 b6 22. Nxa6 Nc4 23. Rxc4 {Stean,M (2530)-Sloth,J (2385) Nordre 1980 1-0 (40)}) 9. O-O e6 10. Bd2 Bd6 11. Rfc1 O-O 12. Qd1 Rc8 13. Be1 Ne4 14. Nxe4 dxe4 15. Bxe4 Bxh2+ 16. Kf1 Bd6 17. Qd3 Qh4 18. g3 Qh2 19. Qb3 Rc7 20. Rc2 Rfc8 21. Rac1 Qh5 22. Kg1 h6 23. Kg2 Qg4 24. Qd3 h5 25. Bf3 Qg5 26. Bd2 h4 27. Be1 hxg3 28. Bxc6 gxf2+ 29. Kxf2 Rxc6 30. Rxc6 Rxc6 31. Rxc6 Qg3+ 32. Ke2 Qg2+ 33. Bf2 bxc6 34. e4 Be7 35. Ke1 Qh1+ 36. Ke2 Qh5+ 37. Kf1 Qb5 38. Qe2 Kf8 39. b3 Bd6 40. Qc4 f5 41. Ke2 fxe4 42. Qxb5 cxb5 43. Ke3 g5 44. Kxe4 Ke7 45. d5 Kd7 46. a4 b4 47. Kd4 g4 48. Ke4 Bh2 49. Bc5 exd5+ 50. Kxd5 a5 51. Ke4 Kc6 52. Bd4 Bc7 53. Be3 g3 54. Kf3 Kd5 55. Bg1 g2 56. Bf2 Bd8 57. Bg1 Ke5 58. Bf2 Kf5 59. Be3 Bc7 60. Bg1 Ke5 61. Bf2 Kd5 62. Bg1 Be5 63. Kxg2 Bd4 64. Bh2 Bb6 65. Kf3 Kd4 66. Bg1+ Kc3 67. Bxb6 Kxb3 68. Bxa5 1/2-1/2

[Event "45th FIDE Chess Olympiad - Women's Sect"]
[Site "Budapest, Hungary"]
[Date "2024.09.12"]
[Round "2.159"]
[White "Tolibova, Dilola"]
[Black "Ivekovic, Tihana"]
[Result "0-1"]
[WhiteElo "1831"]
[BlackElo "2143"]
[PlyCount "64"]
[EventDate "2024.??.??"]
[WhiteTeam "Tajikistan"]
[BlackTeam "Croatia"]
[WhiteTeamCountry "TJK"]
[BlackTeamCountry "CRO"]
[WhiteClock "0:41:10"]
[BlackClock "0:32:29"]

1. e4 e5 2. Nf3 Nc6 3. Bc4 Nf6 4. d3 Bc5 5. Nc3 d6 6. h3 a6 7. a3 h6 8. Bd2 ({RR} 8. Be3 Bxe3 9. fxe3 O-O 10. O-O Be6 {½-½ (10) Karpatchev,A (2472)-Flear,G (2475) Marseille 2005}) 8... Qe7 ({RR} 8... O-O 9. O-O Re8 10. Be3 Ba7 11. Re1 Be6 12. Bxe6 Rxe6 13. Bxa7 Nxa7 14. d4 exd4 15. Nxd4 Re5 16. f4 Re8 17. Qf3 Kh8 18. Rad1 Nh7 19. Nf5 Nc6 20. Qg3 Rg8 21. e5 Qc8 22. Qg4 dxe5 23. fxe5 {Bantiwalu,A (1387)-Eshete,R (1454) Addis Ababa 2022 1-0 (52)}) 9. Qe2 Be6 10. Nd5 $146 ({RR} 10. Bxe6 Qxe6 11. Be3 Bxe3 12. fxe3 d5 13. exd5 Nxd5 14. Nxd5 Qxd5 15. O-O e4 16. Nh2 exd3 17. cxd3 O-O-O 18. Rad1 f6 19. d4 Rhe8 20. Qf2 Kb8 21. Rfe1 f5 22. Rc1 b6 23. Nf3 Kb7 24. Rc3 f4 {Kiyagan,E (1432)-Aysoy,V (1906) Antalya 2008 ½-½ (46)}) ({RR} 10. Bd5 Bxd5 11. exd5 Nd4 12. Nxd4 exd4 13. Qxe7+ Kxe7 14. Ne4 Nxd5 15. O-O Bb6 16. Rfe1 Kd7 17. Ng3 g6 18. Re2 Rae8 19. Rae1 Rxe2 20. Rxe2 c5 21. Re4 Bd8 22. c4 dxc3 23. bxc3 Ba5 24. Ne2 b5 {Jablonski,G (1618)-Glatty,Z (1950) Poznan 2011 0-1 (45)}) ({RR} 10. Bxe6 Qxe6 11. Be3 Nd4 12. Bxd4 exd4 13. Nd1 O-O 14. O-O Rfe8 15. Nd2 d5 16. f3 Nh5 17. Re1 Nf4 18. Qf1 Qe5 19. Nf2 Qg5 20. Nb3 Bb6 21. exd5 Nxd5 22. Re4 Ne3 {0-1 (22) Neuhold,M-Kuehner,P Leimen 2001}) 10... Bxd5 11. exd5 Nd4 12. Nxd4 Bxd4 13. c3 Ba7 14. Be3 Bxe3 15. Qxe3 O-O 16. O-O Rfe8 17. Rae1 Qd7 18. Qf3 Nh7 19. g4 Rf8 20. Qe3 Rae8 21. Qa7 Qc8 22. Qe3 f5 23. f3 h5 24. Qe2 Qd8 25. Bb3 Qh4 26. Kg2 Ng5 27. Rh1 e4 28. dxe4 fxe4 29. fxe4 Rxe4 30. Qd2 Rxg4+ 31. hxg4 Qxg4+ 32. Kh2 Nf3# 0-1

[Event "45th FIDE Chess Olympiad - Women's Sect"]
[Site "Budapest, Hungary"]
[Date "2024.09.12"]
[Round "2.165"]
[White "Ollet, Myra"]
[Black "Clarke, Adani"]
[Result "0-1"]
[WhiteElo "1658"]
[BlackElo "1919"]
[PlyCount "116"]
[EventDate "2024.??.??"]
[WhiteTeam "Guam"]
[BlackTeam "Jamaica"]
[WhiteTeamCountry "GMA"]
[BlackTeamCountry "JAM"]
[WhiteClock "0:36:20"]
[BlackClock "0:01:44"]

1. d4 e6 2. Nf3 Nf6 3. c3 d5 4. Nbd2 c5 5. e3 Bd6 6. Be2 ({RR} 6. Bd3 O-O 7. O-O {½-½ (7) Lazic,M (2431)-Budisavljevic,L (2492) Novi Sad 2020}) ({RR} 6. Ne5 O-O 7. Bd3 Nc6 8. f4 Qc7 9. Qf3 c4 10. Bc2 b5 11. e4 Bb7 12. exd5 exd5 13. O-O Rae8 14. Qh3 Bc8 15. Qh4 Ne7 16. g4 Ng6 17. Bxg6 fxg6 18. h3 b4 19. g5 Nh5 20. Ndf3 Bf5 {Birkholz,O (1986)-Trunz,M (1928) Augsburg GER 2024 ½-½ (36)}) 6... O-O 7. O-O Qc7 $146 ({RR} 7... Nc6 8. Qc2 e5 9. dxc5 Bxc5 10. e4 Bg4 11. exd5 Qxd5 12. Bc4 Qd7 13. Ne4 Bxf3 14. Nxf6+ gxf6 15. gxf3 Qh3 16. Be3 Kh8 {0-1 (16) Rapport,J-Aksentijevic,M (2177) Belgrade 2003}) ({RR} 7... Nc6 8. a3 a5 9. dxc5 Bxc5 10. Nb3 Be7 11. Nbd4 a4 12. Bb5 Bd7 13. Qe2 Qb6 14. Bd3 Bc5 15. Rd1 Rfe8 16. Nxc6 bxc6 17. Ne5 Bc8 18. Ng4 Nxg4 19. Qxg4 e5 20. Qh4 e4 21. Bc2 Re6 22. c4 {Szollosi,L (2291)-Szilagyi,Z (2296) Hungary 2006 1-0 (70)}) 8. h3 b6 9. b3 Ba6 10. Bb2 Bxe2 11. Qxe2 Nc6 12. Rac1 Qb7 13. e4 Bf4 14. Rcd1 cxd4 15. g3 Bxd2 16. Nxd2 dxc3 17. Bxc3 Qe7 18. e5 Nd7 19. Nf3 Nc5 20. Nd4 Rfc8 21. Nb5 Ne4 22. Bb2 a6 23. Ba3 Qg5 24. Nd6 Nxd6 25. Bxd6 Na5 26. Kg2 Nb7 27. f4 Qf5 28. Bb4 Rc2 29. Rd2 Rac8 30. g4 Rxd2 31. Bxd2 Qe4+ 32. Qxe4 dxe4 33. Rc1 Rxc1 34. Bxc1 f5 35. b4 Kf7 36. Be3 b5 37. Bb6 Ke7 38. g5 Kd7 39. Kf2 Kc6 40. Bd4 Kd5 41. Ke3 Kc4 42. a3 Kb3 43. Bc5 Kxa3 44. Be7 Kb3 45. h4 Kc4 46. h5 g6 47. hxg6 hxg6 48. Bd6 Nd8 49. Kd2 Nc6 50. Bc5 Nxb4 51. Be3 a5 52. Kc1 Nd5 53. Bd2 b4 54. Kb2 a4 55. Kc2 a3 56. Kb1 b3 57. Ka1 b2+ 58. Ka2 Nc3+ 0-1

[Event "45th FIDE Chess Olympiad - Women's Sect"]
[Site "Budapest, Hungary"]
[Date "2024.09.12"]
[Round "2.167"]
[White "Benzon, Tiffany"]
[Black "Brown, Raehanna"]
[Result "0-1"]
[WhiteElo "1610"]
[BlackElo "1910"]
[PlyCount "56"]
[EventDate "2024.??.??"]
[WhiteTeam "Guam"]
[BlackTeam "Jamaica"]
[WhiteTeamCountry "GMA"]
[BlackTeamCountry "JAM"]
[WhiteClock "0:09:54"]
[BlackClock "0:48:11"]

1. e4 c5 2. Nf3 Nc6 3. Bb5 g6 4. Nc3 Bg7 5. O-O e5 6. a3 Nge7 7. d3 ({RR} 7. b4 d6 8. bxc5 dxc5 9. d3 O-O 10. Bc4 Nd4 11. h3 Be6 12. Nd2 Qd7 13. a4 b6 14. Bxe6 Qxe6 15. Nc4 f5 16. Bg5 Nec6 17. Nd5 Qf7 18. f3 Ne6 19. Bh4 Nf4 20. a5 bxa5 21. Nxa5 Nxd5 {Wei,Y (2737)-Yu,Y (2734) Shenzhen 2015 ½-½ (32)}) ({RR} 7. b4 d6 8. bxc5 dxc5 9. d3 O-O 10. h3 Nd4 11. Bc4 Be6 12. Ba2 h6 13. Be3 Kh7 14. Bxe6 fxe6 15. Rb1 Nxf3+ 16. gxf3 b6 17. Kh2 g5 18. Ne2 Ng6 19. Ng1 Nh4 20. Qe2 Qc7 21. Bd2 Rf7 {Acikel,M (2241)-Novozhilov,S (2272) chess.com INT 2024 0-1}) 7... O-O 8. Be3 d6 9. Bxc6 $146 ({RR} 9. Bc4 Nd4 10. Nd5 Be6 11. Bg5 Bxd5 12. Bxd5 Ne6 13. Bxe6 fxe6 14. Qd2 Qd7 15. h3 Nc6 16. c3 Nd8 17. Nh2 Nf7 18. Be3 Rac8 19. f4 b6 20. Rf2 d5 21. Qe2 d4 22. Bd2 dxc3 23. Bxc3 exf4 {Qiu,M (2167)-Dai,C (2506) Tianjin 2020 0-1 (43)}) 9... bxc6 10. Bg5 h6 11. Bh4 f5 12. Bxe7 Qxe7 13. Nd2 fxe4 14. dxe4 Ba6 15. Re1 Qf6 16. f3 h5 17. b4 Bh6 18. Nf1 Rad8 19. Ne3 Bf4 20. Qb1 Qh4 21. Qb3+ c4 22. Nxc4 Bxh2+ 23. Kf1 d5 24. b5 cxb5 25. Ne3 b4+ 26. Ne2 Bg3 27. Kg1 Qh2+ 28. Kf1 Qh1# 0-1

[Event "45th FIDE Chess Olympiad - Women's Sect"]
[Site "Budapest, Hungary"]
[Date "2024.09.12"]
[Round "2.170"]
[White "Gemota, Joan"]
[Black "Al Maamari, Wafia Darwish"]
[Result "0-1"]
[WhiteElo "1567"]
[BlackElo "1908"]
[PlyCount "64"]
[EventDate "2024.??.??"]
[WhiteTeam "Palau"]
[BlackTeam "United Arab Emirates"]
[WhiteTeamCountry "PAL"]
[BlackTeamCountry "UAE"]
[WhiteClock "0:46:44"]
[BlackClock "0:34:40"]

1. e4 c5 2. Bc4 e6 3. Nf3 a6 4. a3 b5 5. Be2 ({RR} 5. Ba2 Bb7 6. d3 d6 7. Be3 Nf6 8. Nbd2 Be7 9. O-O O-O 10. c4 Nbd7 11. d4 Nxe4 12. d5 exd5 13. cxd5 Nxd2 14. Nxd2 Bf6 15. Qc2 Ne5 16. Rad1 g6 17. Ne4 Bg7 18. Bb1 Bc8 19. Bg5 f6 {Vallario,M-Buzzi,D (2215) Asiag 1991 0-1 (48)}) ({RR} 5. Ba2 Bb7 6. O-O Be7 7. d4 cxd4 8. Qxd4 Nf6 9. Nbd2 Nc6 10. Qd3 Qc7 11. Re1 d6 12. c4 b4 13. h3 O-O 14. Nb3 Rfd8 15. Bb1 Rac8 16. Bd2 Ne5 17. Qe3 bxa3 18. Nxe5 axb2 19. Ra2 dxe5 {Richards,G (1564)-Wilson,M (1832) Bridgend WLS 2024 ½-½ (49)}) 5... Bb7 6. d3 g6 $146 ({RR} 6... Nc6 7. O-O d6 8. c3 Nf6 9. Bg5 Be7 10. Nbd2 h6 11. Be3 O-O 12. h3 Qc7 13. Qc2 d5 14. Rfc1 Rac8 15. Nb3 dxe4 16. dxe4 Nxe4 17. Ne1 f5 18. f3 Qg3 19. Rd1 Ne5 20. Nd2 Bg5 21. Kh1 {Atem,J (1840)-Zaczek,J (2101) Winnipeg 2010 0-1}) ({RR} 6... Nf6 7. O-O Be7 8. h3 O-O 9. Nh2 Nc6 10. c3 d5 11. exd5 Nxd5 12. Nd2 Nf4 13. Ne4 Nxe2+ 14. Qxe2 Qd5 15. Ng4 Rad8 16. Rd1 e5 17. Ne3 Qd6 18. Nf1 f5 19. Neg3 Qg6 20. f4 Bd6 21. Qf2 {Danilyants,T-Kotolupov,A Khabarovsk 2010 0-1 (50)}) ({RR} 6... d6 7. Be3 Nf6 8. Nbd2 Be7 9. O-O Nc6 10. c3 O-O 11. d4 cxd4 12. cxd4 Re8 13. Ng5 Nd7 14. Nh3 Bf6 15. Nb3 Ne7 16. Bd3 e5 17. d5 Ng6 18. Qd2 h6 19. Qb4 a5 20. Qe1 a4 21. Nc1 {Stamenov,S-Sabotic,A Amsterdam 1980 0-1 (40)}) 7. c3 Bg7 8. a4 b4 9. cxb4 cxb4 10. Nbd2 Ne7 11. Rb1 Nbc6 12. Nc4 d5 13. Ne3 O-O 14. O-O Rc8 15. Ng4 dxe4 16. Ne1 exd3 17. Nxd3 Qa5 18. b3 Nd5 19. Qd2 Nc3 20. Bb2 Nd4 21. Rbe1 Ncxe2+ 22. Rxe2 Rc2 23. Qh6 Nxe2+ 24. Kh1 Rxb2 25. Qe3 Qd5 26. f3 Rxb3 27. Qxe2 Qxd3 28. Qxd3 Rxd3 29. Nf2 Rd2 30. h3 b3 31. Kg1 Bd4 32. Kh2 Rxf2 0-1

[Event "45th FIDE Chess Olympiad - Women's Sect"]
[Site "Budapest, Hungary"]
[Date "2024.09.12"]
[Round "2.172"]
[White "Parrado, Angelica"]
[Black "Almaamari, Zainab Darwish"]
[Result "0-1"]
[WhiteElo "1741"]
[BlackElo "1661"]
[PlyCount "134"]
[EventDate "2024.??.??"]
[WhiteTeam "Palau"]
[BlackTeam "United Arab Emirates"]
[WhiteTeamCountry "PAL"]
[BlackTeamCountry "UAE"]
[WhiteClock "0:15:32"]
[BlackClock "0:37:28"]

1. d4 Nf6 2. c4 e6 3. g3 Bb4+ 4. Nd2 O-O 5. Bg2 Nc6 6. Ngf3 d6 7. O-O Bxd2 8. Bxd2 Bd7 $146 ({RR} 8... a5 9. Qc2 Qe7 10. e4 e5 11. d5 Nb8 12. b3 Nbd7 13. Bc3 Nc5 14. Nd2 Bd7 15. Rae1 b5 16. f4 Ng4 17. h3 Nh6 18. fxe5 dxe5 19. Nf3 f6 20. Bd2 Nf7 21. Be3 b4 22. Rb1 a4 23. Ne1 {Umansky,M (2414)-Lickleder,A (2199) Bayern 2008 1-0}) ({RR} 8... Qe7 9. Bg5 h6 10. Bxf6 Qxf6 11. e3 e5 12. d5 Nb8 13. Rc1 a5 14. c5 Na6 15. cxd6 cxd6 16. e4 Bg4 17. h3 Bxf3 18. Bxf3 Nc5 19. Qe2 b5 20. Bg2 Rab8 21. Rfe1 Rfc8 22. h4 Rc7 23. Rc2 {Jimenez Jimenez,L (2098)-Hamidi,A (2204) chess.com INT 2024 0-1 (75)}) ({RR} 8... Ne4 9. Be3 Qe7 10. Qc2 f5 11. d5 Nb4 12. Qb3 Na6 13. dxe6 Nac5 14. Qc2 Nxe6 15. Nd4 Nxd4 16. Bxd4 Bd7 17. Rfe1 c5 18. Bc3 Bc6 19. f3 Nxc3 20. Qxc3 f4 21. Rad1 Rad8 22. Kf2 Qe5 23. e3 {Narhi,K (2012)-Halmeenmaki,T (2114) Finland 2020 ½-½ (32)}) ({RR} 8... e5 9. d5 Nb8 10. b4 Bg4 11. h3 Bh5 12. Bc3 Nbd7 13. Rc1 Re8 14. Bb2 b6 15. Nd2 a5 16. a3 axb4 17. axb4 Qe7 18. g4 Bg6 19. Qb3 h5 20. g5 Nh7 21. h4 f6 22. gxf6 gxf6 23. Ra1 {Donchenko,A (2636)-Stoleriu,G (2419) Chess.com INT 2021 0-1 (65)}) 9. Qc2 e5 10. dxe5 dxe5 11. Bc3 Re8 12. Rad1 Qc8 13. b4 Bf5 14. Qb2 Qe6 15. Nh4 Bh3 16. Bd5 Qe7 17. Rfe1 Nd8 18. b5 Nxd5 19. cxd5 b6 20. Nf3 f6 21. e4 Bg4 22. Rd3 Bxf3 23. Rxf3 Nf7 24. h4 Qd7 25. Kg2 a6 26. a4 Nd6 27. Bb4 Nc4 28. Qe2 axb5 29. axb5 Qxb5 30. Rb3 Qa6 31. Rc1 b5 32. Qg4 Qa2 33. Rbc3 Rad8 34. R1c2 Qa7 35. Rf3 Qa4 36. Bc5 Qxc2 37. Rxf6 Nd2 38. Rc6 Qxe4+ 39. Qxe4 Nxe4 40. Be3 Rxd5 41. Rxc7 Nd6 42. Kh3 Nf5 43. Bc5 Red8 44. h5 Nd4 45. Bb4 R8d7 46. Rc8+ Rd8 47. Rc7 Ne6 48. Re7 Ng5+ 49. Kg2 e4 50. g4 Nf7 51. Kg3 Rd4 52. Bc5 Rc4 53. Bb6 Rd3+ 54. Kh4 g5+ 55. hxg6 hxg6 56. Be3 Kg7 57. g5 b4 58. Bf4 Rd5 59. Be3 Rb5 60. Rd7 b3 61. Rd1 b2 62. Rb1 Kh7 63. Kg4 Ne5+ 64. Kg3 Nd3 65. Rh1+ Kg7 66. Rb1 Kf7 67. Rh1 b1=Q 0-1

[Event "45th FIDE Chess Olympiad - Women's Sect"]
[Site "Budapest, Hungary"]
[Date "2024.09.12"]
[Round "2.173"]
[White "Sackie, Georgina"]
[Black "Chung Hurtado, Yaleika"]
[Result "1-0"]
[WhiteElo "1688"]
[BlackElo "1832"]
[PlyCount "153"]
[EventDate "2024.??.??"]
[WhiteTeam "Liberia"]
[BlackTeam "Panama"]
[WhiteTeamCountry "LBR"]
[BlackTeamCountry "PAN"]
[WhiteClock "1:29:30"]
[BlackClock "0:19:46"]

1. d4 d5 2. c4 e6 3. Nc3 a6 4. cxd5 exd5 5. Nf3 c6 6. Bg5 Be7 7. Bxe7 Nxe7 8. e3 Qb6 $146 ({RR} 8... Bf5 9. Be2 Nd7 10. Rc1 O-O 11. O-O Nc8 12. Bd3 Bxd3 13. Qxd3 Nd6 14. Nd2 Re8 15. Nb3 Qg5 16. Na4 Re6 17. f4 Qf5 18. Qe2 Nc4 19. Rf3 Rae8 20. Rc3 Qb1+ 21. Rf1 Rxe3 22. Rxe3 Rxe3 23. Qxe3 {Angelakopoulou,I (1319)-Athanasiou,S (1451) Kavala 2022 ½-½ (45)}) ({RR} 8... O-O 9. Be2 Nd7 10. O-O Nf6 11. h3 Bf5 12. Nh4 Bg6 13. Nxg6 hxg6 14. Na4 Nf5 15. Nc5 Nd6 16. a4 Qe7 17. Qb3 a5 18. g3 g5 19. Kg2 g6 20. Rh1 Kg7 21. Bd3 Rh8 22. Rae1 Rhe8 23. Bc2 {Caruana,F (2796)-Ratkovic,M (2489) chess.com INT 2024 1-0 (55)}) ({RR} 8... Bf5 9. Bd3 Nd7 10. O-O O-O 11. a3 Nb6 12. Bxf5 Nxf5 13. Qd3 Nd6 14. b3 Qe7 15. Rfe1 Rfe8 16. a4 a5 17. Nd2 f5 18. Nf3 Nd7 19. Rab1 Ne4 20. Qc2 Ra6 21. Ne2 g5 22. Ng3 Rf8 23. Nd2 {Derjabin,I (2333)-Kuzubov,Y (2605) chess.com INT 2024 0-1 (42)}) ({RR} 8... Bf5 9. Nh4 Bg6 10. g3 Nd7 11. Bg2 Nf6 12. Nxg6 hxg6 13. h4 Nf5 14. Rc1 Nd6 15. Qb3 O-O 16. O-O Qd7 17. Na4 Qf5 18. Qc2 Qh5 19. Qd1 Qh6 20. Nc5 Rfe8 21. Qf3 Nfe4 22. Qg4 Nf6 23. Qf3 {Voiteanu,G (2130)-Antonica,D (2366) Sebes ROU 2023 ½-½ (57)}) ({RR} 8... Nd7 9. Bd3 Nf6 10. Qc2 O-O 11. O-O g6 12. b4 Bf5 13. a4 b5 14. Ne5 Qd6 15. Bxf5 Nxf5 16. axb5 axb5 17. Qb2 Nd7 18. Nd3 Nb6 19. Rxa8 Rxa8 20. Ra1 Rxa1+ 21. Qxa1 h5 22. Qa6 Nc4 23. Qc8+ {Clemens,A (2082)-Holinka,H (2245) Hoogeveen NED 2022 ½-½ (54)}) 9. Qc2 Bf5 10. Bd3 Bxd3 11. Qxd3 f5 12. Rb1 Nd7 13. b4 O-O 14. O-O Qc7 15. a4 Qd6 16. Ne2 Ng6 17. h4 Qf6 18. h5 Ne7 19. g3 h6 20. Kg2 Qf7 21. Nf4 g5 22. hxg6 Nxg6 23. Rh1 Nxf4+ 24. gxf4 Qg6+ 25. Kf1 Kf7 26. Nh4 Qh5 27. Qxf5+ Qxf5 28. Nxf5 Kg6 29. Ng3 Nb6 30. a5 Nc4 31. Kg2 Rae8 32. Rbe1 Nd6 33. Rh4 Nf5 34. Nxf5 Rxf5 35. Rg4+ Kh7 36. Kf3 Re4 37. Reg1 Rf7 38. Kg3 Re6 39. Kh4 Ref6 40. Rg8 Re7 41. R1g4 Rc7 42. Re8 Rff7 43. Rgg8 Rce7 44. Rh8+ Kg6 45. Rhg8+ Kf5 46. f3 Ke6 47. Kg3 Kd7 48. Rxe7+ Rxe7 49. Kf2 Rh7 50. f5 Ke7 51. e4 Kf7 52. Rd8 Ke7 53. Rb8 Kf6 54. Kg3 dxe4 55. fxe4 Rd7 56. Kf4 Rxd4 57. Rxb7 h5 58. Rc7 Rc4 59. Rh7 Rxb4 60. Rh6+ Kg7 61. Rxc6 h4 62. Rxa6 h3 63. Rg6+ Kf7 64. Rh6 Ra4 65. Rxh3 Rxa5 66. Rh7+ Kg8 67. Rb7 Ra4 68. f6 Ra1 69. Kf5 Rf1+ 70. Ke6 Rf2 71. e5 Rf3 72. Rg7+ Kf8 73. Rd7 Kg8 74. Ke7 Rf5 75. e6 Rf3 76. Rd8+ Kh7 77. f7 1-0

[Event "45th FIDE Chess Olympiad - Women's Sect"]
[Site "Budapest, Hungary"]
[Date "2024.09.12"]
[Round "2.175"]
[White "Karyah, Abigail"]
[Black "Caicedo Rios, Layla Yasmira"]
[Result "1-0"]
[WhiteElo "1790"]
[BlackElo "1803"]
[PlyCount "179"]
[EventDate "2024.??.??"]
[WhiteTeam "Liberia"]
[BlackTeam "Panama"]
[WhiteTeamCountry "LBR"]
[BlackTeamCountry "PAN"]
[WhiteClock "0:05:47"]
[BlackClock "0:02:46"]

1. d4 Nf6 2. c4 e6 3. Nf3 d5 4. Nc3 Be7 5. cxd5 exd5 6. Bg5 O-O 7. Qc2 c6 8. e3 Nbd7 9. Bd3 Re8 10. O-O Nf8 11. Rab1 Ne4 12. Bf4 Nxc3 13. bxc3 Ng6 ({RR} 13... Bd6 14. Ne5 f6 15. Nf3 Bxf4 16. exf4 b5 17. a4 a6 18. Ra1 Bg4 19. Nd2 Qd6 20. h3 Be2 21. Bxe2 Rxe2 22. Qd3 Rae8 23. g3 Nd7 24. axb5 cxb5 25. Nf3 R2e7 26. Ra2 Qb6 27. Rfa1 Nb8 28. Qf5 {Orzech,D (2313)-Galuszka,T (2184) Katowice POL 2022 1-0 (43)}) 14. Bg3 Bd6 ({RR} 14... b6 15. e4 dxe4 16. Bxe4 Bb7 17. Ne5 Nxe5 18. Bxh7+ Kh8 19. Bxe5 Bd6 20. Bxd6 Qxd6 21. Be4 Re6 22. Rfe1 Rae8 23. Re3 f5 24. Bxf5 Rxe3 25. fxe3 Rxe3 26. Qd2 Qe7 27. Rf1 Ba6 28. Rc1 Re2 29. Qf4 {Kramnik,V (2772)-Kerrigan,K Lyon 2001 ½-½ (33)}) 15. Bxd6 $146 ({RR} 15. c4 Bxg3 16. hxg3 dxc4 17. Bxc4 Rb8 18. Rfd1 Be6 19. Bxe6 Rxe6 20. Qc5 a6 21. Qb6 Qc8 22. a4 Ne7 23. a5 Nd5 24. Qc5 Nc7 25. Qf5 g6 26. Qh3 f6 27. Rdc1 Qd8 28. Rc5 Re7 29. g4 Ne6 {Trmota,Z (2275)-Giessmann,S (1774) Bayern 1999 0-1 (61)}) ({RR} 15. c4 Bxg3 16. hxg3 Re7 17. Rfc1 Bg4 18. Nd2 Rc8 19. Nb3 Rcc7 20. a4 Bc8 21. Qa2 Nf8 22. Rc3 dxc4 23. Bxc4 Be6 24. Bd3 Bd5 25. Qc2 g6 26. Nd2 Ne6 27. Rc1 Rcd7 28. Be4 Nc7 29. Rb1 f5 {Filip,M-Aitken,J Enschede 1963 ½-½ (60)}) ({RR} 15. e4 Bxg3 16. hxg3 dxe4 17. Bxe4 Qc7 18. Rfe1 Be6 19. c4 Rac8 20. Ng5 Qa5 21. Bxg6 Qxg5 22. Bxh7+ Kh8 23. Be4 Re7 24. Rbd1 Rce8 25. Bf3 Bf5 26. Qc3 Qf6 27. Rxe7 Rxe7 28. Qd2 Be4 29. Bxe4 Rxe4 {Cervino Rossel,C (2018)-Pinel Mirasierra,J (1951) Madrid 2014 1-0 (39)}) 15... Qxd6 16. a4 Bg4 17. Bxg6 fxg6 18. Ne5 Bf5 19. Nd3 Re7 20. Rb3 Rf8 21. Qd2 Qf6 22. Ne5 Qg5 23. a5 Qf6 24. Qb2 Bc8 25. Qa3 a6 26. Qb2 Qh4 27. Qe2 Rf6 28. Rfb1 g5 29. g3 Qh3 30. f3 Re8 31. Qg2 Qe6 32. Rb6 Ref8 33. R6b2 Qe7 34. g4 Qa3 35. Ra2 Qd6 36. Qe2 Qd8 37. Rb6 Qe8 38. Ra1 Rh6 39. Kg2 Rh4 40. c4 h5 41. h3 Rf6 42. cxd5 hxg4 43. fxg4 cxd5 44. Rxf6 gxf6 45. Nf3 Rh7 46. Rc1 Re7 47. Qc2 Bd7 48. Re1 Kg7 49. Qb3 Bc6 50. Qd3 Qd8 51. Qd2 Qd6 52. h4 Re4 53. Nh2 gxh4 54. Qf2 Qg3+ 55. Qxg3 hxg3 56. Kxg3 Kg6 57. Kf3 Kg5 58. Rb1 Re7 59. Rb3 Rh7 60. Kg3 Kg6 61. Nf3 Rh1 62. Ra3 Bb5 63. Kf4 Rh3 64. e4 Bc6 65. e5 Rh8 66. exf6 Kxf6 67. g5+ Kg7 68. Re3 Rf8+ 69. Kg4 Bd7+ 70. Kg3 Bf5 71. Re7+ Rf7 72. Rxf7+ Kxf7 73. Ne5+ Ke6 74. Kh4 Bh7 75. Kg4 Bf5+ 76. Kf4 Be4 77. Ng4 Bg6 78. Ne3 Be4 79. Kg4 Kf7 80. Nf5 Ke6 81. Nh4 Bh1 82. g6 Kf6 83. Kh5 Be4 84. Kh6 Bxg6 85. Nxg6 Kf5 86. Nf8 Ke4 87. Ne6 Kf5 88. Nc5 Kf4 89. Kg6 Ke3 90. Ne6 1-0

[Event "45th FIDE Chess Olympiad - Women's Sect"]
[Site "Budapest, Hungary"]
[Date "2024.09.12"]
[Round "2.176"]
[White "Carrillo Marval, Maria Angelica"]
[Black "Banney, Princess K."]
[Result "1-0"]
[WhiteElo "1795"]
[BlackElo "1447"]
[PlyCount "77"]
[EventDate "2024.??.??"]
[WhiteTeam "Panama"]
[BlackTeam "Liberia"]
[WhiteTeamCountry "PAN"]
[BlackTeamCountry "LBR"]
[WhiteClock "0:11:34"]
[BlackClock "0:02:05"]

1. e4 c6 2. d4 d5 3. Nc3 dxe4 4. Nxe4 Nf6 5. Nxf6+ exf6 6. Nf3 Bg4 7. Be2 Bd6 8. Be3 ({RR} 8. h3 Bh5 9. Nh4 Bg6 10. Be3 f5 11. g3 f4 12. Nxg6 hxg6 13. gxf4 Nd7 14. Qd3 Qa5+ 15. Bd2 Qf5 16. O-O-O Bxf4 17. Qa3 Bxd2+ 18. Rxd2 Qf4 19. Bc4 O-O-O 20. Qxa7 Rh5 21. Rhd1 Kc7 22. Ba6 Rb8 {Kupreichik,V (2500)-Hort,V (2565) Germany 1995 1-0}) 8... Nd7 ({RR} 8... O-O 9. O-O Re8 10. Re1 Nd7 11. Qd2 Nf8 12. Bf4 Qc7 13. Bxd6 Qxd6 14. h3 Bh5 15. Nh2 Bxe2 16. Rxe2 Rxe2 17. Qxe2 Qxd4 18. c3 Qd6 19. Rd1 Qc7 20. Qd3 Ne6 21. Qe3 g6 22. Ng4 Qe7 23. Qh6 {Dias,S (2068)-Sahin,S (2102) chess.com INT 2024 0-1}) 9. Qd2 Qc7 10. h3 Bxf3 $146 ({RR} 10... Bh5 11. Nh4 Bg6 12. Nxg6 hxg6 13. Bc4 f5 14. f4 Nf6 15. Bd3 Nd5 16. g3 Qe7 17. O-O-O O-O-O 18. Rde1 Rde8 19. Bf2 Qc7 20. Rxe8+ Rxe8 21. Re1 Rh8 22. h4 Nf6 23. c4 Qd8 24. c5 Bc7 25. b4 {Stojanovic,S (1919)-Ivanovic,V (2085) Andrijevica 2011 0-1 (73)}) ({RR} 10... Bh5 11. O-O-O O-O-O 12. g4 Bg6 13. Nh4 Nb6 14. f4 Be4 15. Bf3 Bxf3 16. Nxf3 Nc4 {0-1 (16) Horn,S (1349)-Jetzl,L (1323) Mureck 2021}) 11. Bxf3 O-O 12. g4 Rfe8 13. O-O-O a5 14. Be2 b5 15. d5 Ra6 16. dxc6 Qxc6 17. Qd5 Rb8 18. Qxc6 Rxc6 19. Bf3 Ra6 20. Rd5 Ne5 21. Be2 Nc4 22. Bxc4 bxc4 23. Rxd6 Rxd6 24. Bf4 Rbb6 25. Bxd6 Rxd6 26. Rd1 Rxd1+ 27. Kxd1 Kf8 28. Kd2 Ke7 29. Kc3 Ke6 30. Kxc4 f5 31. gxf5+ Kxf5 32. Kd5 g5 33. c4 g4 34. hxg4+ Kxg4 35. c5 h5 36. c6 h4 37. c7 f5 38. c8=Q h3 39. Qg8+ 1-0